Estadísticas para Cultura General de Argentina #2

Haz click aquí para intentar la prueba.

Estadísticas generales

  • Esta prueba ha sido intentada 883 veces
  • La puntuación promedio es 10 de 20

Estadísticas de respuestas

PreguntaRespuesta% Correcto
¿Quién es conocido como D10S?Maradona
87%
¿Qué club de fútbol, apodado «El Millonario», tiene el Monumental como estadio oficial?River Plate
76%
¿En qué postre se cuece leche con el azúcar?Dulce de leche
72%
¿Qué significa la palabra coloquial «remera»?Camiseta
69%
¿Qué ciudad turística, en la provincia Río Negro, es uno de los mejores destinos de esquí en Sudamérica?San Carlos Bariloche
69%
¿Quién se lanzó La nena de Argentina en 2022?María Becerra
67%
¿Qué otro nombre tiene el dólar paralelo o dólar negro que se utiliza en el mercado negro?Dólar {blue}
66%
¿Quién ha tenido la presidencia argentina más larga del siglo XXI?Cristina Fernández de Kirchner
65%
En el voseo, ¿cómo se conjuga tener en la segunda persona singular del presente?Tenés
62%
¿En qué cadena de televisión, perteneciendo a Paramount Global, se encuentra Gran Hermano?Telefe
60%
¿Qué palabra significa "Hablar o escribir con intención persuasiva" o también "Decir requiebros con el propósito de seducir"?Chamullar
59%
¿Qué reina consorte de los Países Bajos es la segunda de Europa que nació en América?Máxima de los Países Bajos
48%
¿Cuál es la Chicago argentina?Rosario
43%
¿Qué provincia vino de la fallida Provincia de Patagonia en 1956?Santa Cruz
43%
¿Qué equipo fue el campeón del mundo fútbol en 1968?Estudiantes de La Plata
27%
¿Qué universidad, con 30 Facultades Regionales, tiene a las ingenierías como objetivo prioritario?Universidad Tecnológica Nacional
27%
¿Cuál es el cuarto lago salado endorreico más grande del mundo?Laguna Mar Chiquita
22%
¿Qué instrumento, diseñado inicialmente en Alemania, utiliza los fuelles?Bandoneón
21%
¿Cómo se llama el género músico-teatral muy común en fiestas y que se caracteriza por música percusionista y bailarines?Murga
17%
¿Qué banda de ska lanzó el álbum La salvación de Solo y Juan en 2016?Los Fabulosos Cadillacs
14%

Distribución de puntuación

Porcentaje por número respondido

Porcentaje de gente con cada puntuación

Historial de tus puntuaciones

No has intentado esta prueba.